The marketing mentors (Record no. 68921)
[ view plain ]
| 000 -LEADER | |
|---|---|
| fixed length control field | 00497nam a22001697a 4500 |
| 005 - DATE AND TIME OF LATEST TRANSACTION | |
| control field | 20230818103326.0 |
| 040 ## - CATALOGING SOURCE | |
| Transcribing agency | ursbin |
| 050 ## - LIBRARY OF CONGRESS CALL NUMBER | |
| Classification number | HF 5415 G65 1993 |
| 100 ## - MAIN ENTRY--PERSONAL NAME | |
| Personal name | Go, Josiah L. |
| Relator term | author |
| 9 (RLIN) | 4262 |
| 245 ## - TITLE STATEMENT | |
| Title | The marketing mentors |
| Statement of responsibility, etc | Josiah Go |
| 260 ## - PUBLICATION, DISTRIBUTION, ETC. (IMPRINT) | |
| Place of publication, distribution, etc | Place of publication not identified |
| Name of publisher, distributor, etc | Name of publisher not identified |
| Date of publication, distribution, etc | 1993 |
| 336 ## - CONTENT TYPE | |
| Source | rdacontent |
| Content type term | text |
| Content type code | txt |
| 337 ## - MEDIA TYPE | |
| Source | rdamedia |
| Media type term | unmediated |
| Media type code | n |
| 338 ## - CARRIER TYPE | |
| Source | rdacarrier |
| Carrier type term | volume |
| Carrier type code | nc |
| 650 #0 - SUBJECT ADDED ENTRY--TOPICAL TERM | |
| 9 (RLIN) | 217 |
| Topical term or geographic name as entry element | Marketing. |
| 942 ## - ADDED ENTRY ELEMENTS (KOHA) | |
| Source of classification or shelving scheme | Library of Congress Classification |
| Koha item type | Filipiniana |
| Withdrawn status | Lost status | Source of classification or shelving scheme | Damaged status | Not for loan | Home library | Current library | Shelving location | Date acquired | Total Checkouts | Full call number | Barcode | Date last seen | Price effective from | Koha item type |
|---|---|---|---|---|---|---|---|---|---|---|---|---|---|---|
| Library of Congress Classification | Binangonan College Library | Binangonan College Library | Filipiniana Section | 03/20/2023 | HF 5415 G65 1993 | URSBIN-2889 | 03/20/2023 | 03/20/2023 | Filipiniana |